000 00357nam a2200145Ia 4500
008 230917s9999||||xx |||||||||||||| ||und||
040 _e158464
_aMAIN
041 _aEnglish
082 _a910.13337 H321C
100 _aHay, Peter
245 0 _aCompanion to environmental thought
260 _aJaipur
_bRawat
_c2009
300 _aviii, 400 p.
942 _cBK
999 _c155395
_d155395